Advanced engineering mathematics (Record no. 63689)

000 -LEADER
fixed length control field 00496nam a22001817a 4500
003 - CONTROL NUMBER IDENTIFIER
control field NUST - PNEC
005 - DATE AND TIME OF LATEST TRANSACTION
control field 20170116180820.0
008 - FIXED-LENGTH DATA ELEMENTS--GENERAL INFORMATION
fixed length control field 150616b xxu||||| |||| 00| 0 eng d
020 ## - INTERNATIONAL STANDARD BOOK NUMBER
International Standard Book Number 0130115525
040 ## - CATALOGING SOURCE
Transcribing agency LIBRARY
082 ## - DEWEY DECIMAL CLASSIFICATION NUMBER
Classification number 515 GRE
100 ## - MAIN ENTRY--PERSONAL NAME
9 (RLIN) 4026
Personal name Greenberg, Michael D.
245 ## - TITLE STATEMENT
Title Advanced engineering mathematics
Statement of responsibility, etc. Michael Greenberg
260 ## - PUBLICATION, DISTRIBUTION, ETC.
Place of publication, distribution, etc. New York
Name of publisher, distributor, etc. Prentice-Hall international
Date of publication, distribution, etc. c1977.
300 ## - PHYSICAL DESCRIPTION
Extent 946 p. :
650 ## - SUBJECT ADDED ENTRY--TOPICAL TERM
9 (RLIN) 4033
Topical term or geographic name entry element Mathematics
General subdivision ME
942 ## - ADDED ENTRY ELEMENTS (KOHA)
Source of classification or shelving scheme
Koha item type Book
Holdings
Withdrawn status Lost status Source of classification or shelving scheme Damaged status Not for loan Permanent Location Current Location Shelving location Date acquired Source of acquisition Cost, normal purchase price Total Checkouts Full call number Barcode Date last seen Cost, replacement price Price effective from Koha item type
          Pakistan Navy Engineering College (PNEC) Pakistan Navy Engineering College (PNEC)   03/24/1990 Library / Reference Grant 488.00   515 GRE PNECLIB-013707 06/16/2015 488.00 03/24/1990 Book
© 2023 Central Library, National University of Sciences and Technology. All Rights Reserved.